000 00735nam a2200217Ii 4500
003 JO-AjNU
008 230605s9999||||xx |||||||||||||| ||und||
017 _a2008/10/3649
040 _aJO-AjNU
_bara
_erda
_cJO-AjNU
041 _aara
050 1 4 _aML160.L3612 2008
100 3 _aتأليف لايختنتريت، هوجو ؛ ترجمة محمود أحمد ,
_eauthor
_949144
245 0 0 _aالموسيقى والحضارة، ج1
250 _a-
264 3 1 _aعمان:وزارة الثقافة,2008
300 _aج1، 202ص
336 _atext
_btxt
_2rdacontent
337 _aunmediated
_bn
_2rdamedia
338 _avolume
_bnc
_2rdacarrier
650 4 _aالموسيقى-الموسيقى والحضارة-الحضارة
_949145
999 _aA21567
_c25135
_d25135